[Event "PCR_ZK01"]
[Site "?"]
[Date "2008.??.??"]
[Round "?"]
[White "Lucan, Zdenko"]
[Black "Pressl, Ladislav"]
[Result "0-1"]
[WhiteElo "1589"]
[BlackElo "1915"]
[PlyCount "62"]
[EventDate "2008.??.??"]
[EventType "corr"]
[EventRounds "2"]

1. d4 Nf6 2. Nf3 g6 3. c4 Bg7 4. Nc3 d6 5. e4 O-O 6. Bg5 Nbd7 7. Bd3 e5 8. d5
h6 9. Be3 Ng4 10. Bd2 Nc5 11. Be2 Nf6 12. b4 Ncxe4 13. Nxe4 Nxe4 14. Rc1 a6 15.
Be3 f5 16. Bd2 b5 17. O-O Nxd2 18. Qxd2 bxc4 19. Bxc4 f4 20. Qe1 Bd7 21. Nd2 a5
22. b5 Bf5 23. Ne4 a4 24. f3 Qb8 25. Nf2 Re8 26. Bd3 Bxd3 27. Nxd3 Qxb5 28.
Nxe5 Rxe5 29. Qd2 Re2 30. Qxf4 Qb6+ 31. Kh1 Rxa2 0-1

[Event "PCR_ZK01"]
[Site "?"]
[Date "2008.??.??"]
[Round "?"]
[White "Lucan, Zdenko"]
[Black "Stepan, Josef"]
[Result "0-1"]
[WhiteElo "1589"]
[BlackElo "1600"]
[PlyCount "70"]
[EventDate "2008.??.??"]
[EventType "corr"]
[EventRounds "2"]

1. f4 d5 2. Nf3 g6 3. g3 Bg7 4. Bg2 Nc6 5. c3 Bg4 6. O-O Qd7 7. d4 O-O-O 8. e3
f6 9. Nbd2 e5 10. Qc2 e4 11. Ne1 Nge7 12. Rf2 h5 13. Nf1 h4 14. h3 Bxh3 15.
Bxh3 Qxh3 16. Rh2 Qg4 17. Qe2 Qxe2 18. Rxe2 hxg3 19. Nxg3 Rh3 20. Rg2 f5 21.
Bd2 Bf6 22. Kf2 Bh4 23. Nc2 Rg8 24. Rag1 g5 25. Ke2 gxf4 26. exf4 Rgxg3 27. Be1
Rxg2+ 28. Rxg2 Bxe1 29. Nxe1 Nd8 30. Nc2 Ne6 31. Rf2 Ng6 32. Ne3 Ngxf4+ 33. Kd2
Rh5 34. c4 c6 35. c5 Nd3 0-1

[Event "PCR_ZK01"]
[Site "?"]
[Date "2008.??.??"]
[Round "?"]
[White "Lucan, Zdenko"]
[Black "Svoboda, Josef"]
[Result "0-1"]
[WhiteElo "1589"]
[BlackElo "1917"]
[PlyCount "48"]
[EventDate "2008.??.??"]
[EventType "corr"]
[EventRounds "2"]

1. e4 e6 2. d4 d5 3. Nd2 Nf6 4. e5 Nfd7 5. Ngf3 c5 6. dxc5 Nc6 7. Nb3 Nxc5 8.
Nxc5 Bxc5 9. Bb5 Qa5+ 10. Bd2 Qxb5 11. b3 O-O 12. a4 Qa6 13. c3 Qd3 14. Qe2
Qxe2+ 15. Kxe2 f6 16. b4 Be7 17. exf6 Bxf6 18. Rab1 e5 19. Rhd1 e4 20. Ne1 Bg4+
21. f3 exf3+ 22. gxf3 Rae8+ 23. Kf2 Bf5 24. Bf4 Bxb1 0-1

[Event "PCR_ZK01"]
[Site "?"]
[Date "2008.??.??"]
[Round "?"]
[White "Lucan, Zdenko"]
[Black "Vins, Karel"]
[Result "1/2-1/2"]
[WhiteElo "1589"]
[BlackElo "1654"]
[PlyCount "56"]
[EventDate "2008.??.??"]
[EventType "corr"]
[EventRounds "2"]

1. e4 c5 2. Nc3 d6 3. Nf3 a6 4. Be2 g6 5. d3 b5 6. O-O Bg7 7. Bd2 Bb7 8. Rb1
Nd7 9. a3 e5 10. Nd5 h6 11. b3 Ne7 12. c4 Nxd5 13. cxd5 Bc8 14. h3 Nf8 15. Nh2
f5 16. exf5 Bxf5 17. Be3 a5 18. Bg4 Qd7 19. Bxf5 gxf5 20. Qh5+ Qf7 21. Qxf7+
Kxf7 22. f4 Kg6 23. Nf3 Nd7 24. g3 Rhf8 25. h4 b4 26. a4 Rae8 27. Nd2 Ra8 28.
Nc4 exf4 1/2-1/2

[Event "PCR_ZK01"]
[Site "?"]
[Date "2008.??.??"]
[Round "?"]
[White "Pressl, Ladislav"]
[Black "Lucan, Zdenko"]
[Result "1-0"]
[WhiteElo "1915"]
[BlackElo "1589"]
[PlyCount "49"]
[EventDate "2008.??.??"]
[EventType "corr"]
[EventRounds "2"]

1. e4 e5 2. Nc3 Bc5 3. Bc4 Nf6 4. Nf3 Ng4 5. O-O d6 6. d3 Nc6 7. Bg5 f6 8. Bh4
Nh6 9. Bg3 Bg4 10. Bb5 Bd7 11. Bxc6 Bxc6 12. d4 exd4 13. Nxd4 Bxd4 14. Qxd4 O-O
15. f4 Nf7 16. Rfe1 Re8 17. Rad1 b5 18. b4 a6 19. Nd5 Bxd5 20. Qxd5 Qd7 21. Qb3
Qe6 22. Qd5 Qxd5 23. Rxd5 Rxe4 24. Rxe4 g6 25. Re7 1-0

[Event "PCR_ZK01"]
[Site "?"]
[Date "2008.??.??"]
[Round "?"]
[White "Pressl, Ladislav"]
[Black "Stepan, Josef"]
[Result "0-1"]
[WhiteElo "1915"]
[BlackElo "1600"]
[PlyCount "78"]
[EventDate "2008.??.??"]
[EventType "corr"]
[EventRounds "2"]

1. e4 d6 2. Bc4 Nf6 3. Nc3 g6 4. d4 Bg7 5. Nf3 O-O 6. O-O Nxe4 7. Bxf7+ Rxf7 8.
Nxe4 h6 9. c4 Bg4 10. Neg5 hxg5 11. Bxg5 Qf8 12. Qd3 Bxf3 13. gxf3 Rxf3 14.
Qxg6 Qf7 15. Qe4 Nc6 16. d5 Ne5 17. Rab1 Qg6 18. Qxg6 Nxg6 19. Kg2 Rf5 20. f4
Re8 21. Rbe1 Bf6 22. Bxf6 Rxf6 23. Kg3 c6 24. b4 cxd5 25. cxd5 Rf5 26. Rd1 e6
27. dxe6 Rxe6 28. b5 Ref6 29. Rd4 Rxb5 30. Ra4 a6 31. Rd4 Ne7 32. Re4 Nf5+ 33.
Kf3 Rb2 34. Rf2 Rxf2+ 35. Kxf2 d5 36. Re5 d4 37. Re4 Kg7 38. Ke2 Rh6 39. Re5
Kf6 0-1

[Event "PCR_ZK01"]
[Site "?"]
[Date "2008.??.??"]
[Round "?"]
[White "Pressl, Ladislav"]
[Black "Svoboda, Josef"]
[Result "1/2-1/2"]
[WhiteElo "1915"]
[BlackElo "1917"]
[PlyCount "71"]
[EventDate "2008.??.??"]
[EventType "corr"]
[EventRounds "2"]

1. e4 e6 2. d4 d5 3. Nd2 Nf6 4. e5 Nfd7 5. f4 c5 6. c3 cxd4 7. cxd4 Nc6 8. Ndf3
Be7 9. Bd3 Qb6 10. Ne2 Nb4 11. Bb1 O-O 12. O-O Nc6 13. Qd3 f5 14. b3 a5 15. Bb2
a4 16. Rc1 h6 17. g3 a3 18. Bc3 g5 19. Bd2 g4 20. Ne1 Ndb8 21. Bc3 Bd7 22. Nc2
Na6 23. Ne3 Nab4 24. Qd2 Na6 25. Bc2 Nab4 26. Bd1 Kh7 27. Bxb4 Nxb4 28. Nc2
Rfd8 29. Nc3 Kg8 30. Nxb4 Bxb4 31. Rc2 Rac8 32. Rac1 Rc7 33. Qd3 Rdc8 34. Qe3
Qa5 35. Ne2 Rxc2 36. Rxc2 1/2-1/2

[Event "PCR_ZK01"]
[Site "?"]
[Date "2008.??.??"]
[Round "?"]
[White "Pressl, Ladislav"]
[Black "Vins, Karel"]
[Result "1-0"]
[WhiteElo "1915"]
[BlackElo "1654"]
[PlyCount "77"]
[EventDate "2008.??.??"]
[EventType "corr"]
[EventRounds "2"]

1. e4 e5 2. Nf3 Nc6 3. Bb5 a6 4. Ba4 Nf6 5. O-O Be7 6. Re1 b5 7. Bb3 d6 8. c3
Na5 9. Bc2 c5 10. h3 Qc7 11. d3 Nc6 12. a4 Rb8 13. axb5 axb5 14. Bg5 h6 15. Bh4
Nh7 16. Bg3 Be6 17. Nbd2 f6 18. Bb3 Nd8 19. Bxe6 Nxe6 20. Nh4 O-O 21. Ng6 Rfe8
22. Qg4 Nhf8 23. Nxf8 Nxf8 24. Nf3 Bd8 25. Nh4 Qd7 26. Nf5 Kh8 27. Ra6 Bc7 28.
Rea1 Rb6 29. Ra7 Reb8 30. Qxg7+ Qxg7 31. Nxg7 Kxg7 32. Rxc7+ Kg6 33. Raa7 Ne6
34. Re7 Nd8 35. f4 R8b7 36. f5+ Kg5 37. Rg7+ Kh5 38. Bf2 Rxg7 39. Rxg7 1-0

[Event "PCR_ZK01"]
[Site "?"]
[Date "2008.??.??"]
[Round "?"]
[White "Pressl, Ladislav"]
[Black "Zachoval, Milan"]
[Result "1-0"]
[WhiteElo "1915"]
[BlackElo "1772"]
[PlyCount "41"]
[EventDate "2008.??.??"]
[EventType "corr"]
[EventRounds "2"]

1. Nc3 e6 2. d4 d5 3. e4 dxe4 4. Nxe4 Nd7 5. Nf3 Ngf6 6. Bg5 Be7 7. Nxf6+ Nxf6
8. Bd3 h6 9. Bh4 c5 10. dxc5 Bxc5 11. Bb5+ Bd7 12. Bxf6 gxf6 13. Qxd7+ Qxd7 14.
Bxd7+ Kxd7 15. Rd1+ Ke7 16. Ke2 Rad8 17. Rhe1 Rxd1 18. Rxd1 Rd8 19. Rxd8 Kxd8
20. c3 f5 21. Ne5 1-0

[Event "PCR_ZK01"]
[Site "?"]
[Date "2008.??.??"]
[Round "?"]
[White "Stepan, Josef"]
[Black "Lucan, Zdenko"]
[Result "1-0"]
[WhiteElo "1600"]
[BlackElo "1589"]
[PlyCount "67"]
[EventDate "2008.??.??"]
[EventType "corr"]
[EventRounds "2"]

1. d4 d5 2. c4 dxc4 3. Nf3 Bg4 4. e3 Nf6 5. Bxc4 e6 6. h3 Bxf3 7. Qxf3 Be7 8.
Nc3 c6 9. O-O O-O 10. Rd1 Qc7 11. e4 b5 12. Bb3 h6 13. e5 Nh7 14. Qg3 g5 15.
Qd3 f5 16. Bxe6+ Kh8 17. Bxf5 Bd8 18. Bxh7 Qxh7 19. Qxh7+ Kxh7 20. Ne4 Na6 21.
a3 Nc7 22. Bd2 Nd5 23. Rac1 Rc8 24. Nd6 Rc7 25. Ba5 Nb6 26. Rc2 Be7 27. Bb4 Ra8
28. d5 a5 29. Nxb5 Bd8 30. Nxc7 Bxc7 31. Rxc6 axb4 32. Rxc7+ Kg6 33. Rc6+ Kh5
34. Rxb6 1-0

[Event "PCR_ZK01"]
[Site "?"]
[Date "2008.??.??"]
[Round "?"]
[White "Stepan, Josef"]
[Black "Pressl, Ladislav"]
[Result "0-1"]
[WhiteElo "1600"]
[BlackElo "1915"]
[PlyCount "56"]
[EventDate "2008.??.??"]
[EventType "corr"]
[EventRounds "2"]

1. d4 Nf6 2. c4 e6 3. Nf3 d5 4. Nc3 Bb4 5. Bg5 O-O 6. e3 Nbd7 7. Bd3 c5 8. O-O
Qa5 9. Qc2 dxc4 10. Bxc4 cxd4 11. exd4 b6 12. a3 Bxc3 13. bxc3 Bb7 14. Bxf6
Nxf6 15. Qd3 Rfd8 16. Rfe1 Rac8 17. Rec1 a6 18. Bb3 b5 19. Ne5 Bd5 20. Bxd5
exd5 21. a4 bxa4 22. c4 dxc4 23. Rxc4 Rxc4 24. Qxc4 Nd5 25. Nc6 Qc7 26. Rxa4
Nb6 27. Qc5 Rd6 28. Ne5 Qxc5 0-1

[Event "PCR_ZK01"]
[Site "?"]
[Date "2008.??.??"]
[Round "?"]
[White "Stepan, Josef"]
[Black "Svoboda, Josef"]
[Result "1-0"]
[WhiteElo "1600"]
[BlackElo "1917"]
[PlyCount "85"]
[EventDate "2008.??.??"]
[EventType "corr"]
[EventRounds "2"]

1. d4 d6 2. e4 Nf6 3. Nc3 g6 4. Nf3 Bg7 5. Be2 O-O 6. O-O c5 7. d5 Bd7 8. Bg5
Qb6 9. Qd2 Na6 10. Rab1 Nc7 11. Rfe1 Rae8 12. Bh6 a6 13. Bxg7 Kxg7 14. a4 Qb4
15. b3 b6 16. Bd3 e6 17. dxe6 Bxe6 18. Ne2 Qxd2 19. Nxd2 d5 20. Nc3 d4 21. Ne2
Ng4 22. Nf4 Kg8 23. h3 Ne5 24. Nxe6 fxe6 25. Nc4 Nxd3 26. cxd3 b5 27. axb5 axb5
28. Ne5 Na6 29. Rec1 Rc8 30. Ra1 Nb4 31. Kf1 Rc7 32. Ra5 Rb8 33. Ke2 Kh8 34.
Nf3 Rbb7 35. Ne1 Kg7 36. Nc2 Nc6 37. Ra6 b4 38. Ne1 Ra7 39. Rca1 Rxa6 40. Rxa6
Kf6 41. f4 Kf7 42. Nf3 h6 43. Rxc6 1-0

[Event "PCR_ZK01"]
[Site "?"]
[Date "2008.??.??"]
[Round "?"]
[White "Stepan, Josef"]
[Black "Vins, Karel"]
[Result "0-1"]
[WhiteElo "1600"]
[BlackElo "1654"]
[PlyCount "58"]
[EventDate "2008.??.??"]
[EventType "corr"]
[EventRounds "2"]

1. d4 d5 2. c4 dxc4 3. e4 c5 4. Nf3 cxd4 5. Bxc4 Nc6 6. Bb5 Qa5+ 7. Qd2 Qxb5 8.
Nxd4 Nxd4 9. Qxd4 e5 10. Nc3 Qc5 11. Qd3 a6 12. O-O Nf6 13. Be3 Qd6 14. Qc2 Be6
15. Rad1 Qc6 16. Rc1 Rc8 17. f3 Be7 18. a3 O-O 19. Kh1 h6 20. Qf2 Bc5 21. Rfd1
Bxe3 22. Qxe3 b5 23. Nd5 Qe8 24. Nxf6+ gxf6 25. Qxh6 Qe7 26. h3 Rxc1 27. Rxc1
Ra8 28. Rf1 f5 29. Qg5+ Qxg5 0-1

[Event "PCR_ZK01"]
[Site "?"]
[Date "2008.??.??"]
[Round "?"]
[White "Stepan, Josef"]
[Black "Zachoval, Milan"]
[Result "1-0"]
[WhiteElo "1600"]
[BlackElo "1772"]
[PlyCount "43"]
[EventDate "2008.??.??"]
[EventType "corr"]
[EventRounds "2"]

1. d4 d5 2. c4 c6 3. Nf3 e6 4. Nc3 Nf6 5. e3 Nbd7 6. Bd3 dxc4 7. Bxc4 b5 8. Bd3
a6 9. e4 c5 10. e5 cxd4 11. Nxb5 Nxe5 12. Nxe5 axb5 13. O-O Qd5 14. Qe2 Ba6 15.
Bg5 Be7 16. f4 O-O 17. b3 Rfc8 18. Rf3 Rab8 19. Bxf6 Bxf6 20. Bxh7+ Kf8 21. Bd3
Bxe5 22. fxe5 1-0

[Event "PCR_ZK01"]
[Site "?"]
[Date "2008.??.??"]
[Round "?"]
[White "Svoboda, Josef"]
[Black "Lucan, Zdenko"]
[Result "1-0"]
[WhiteElo "1917"]
[BlackElo "1589"]
[PlyCount "31"]
[EventDate "2008.??.??"]
[EventType "corr"]
[EventRounds "2"]

1. Nf3 Nf6 2. c4 e6 3. g3 g6 4. Nc3 h6 5. e4 Bb4 6. Qc2 d6 7. d4 Bxc3+ 8. Qxc3
Bd7 9. Bd3 Bc6 10. d5 Bd7 11. e5 dxe5 12. Qxe5 g5 13. Be3 Ke7 14. Bd4 Ng4 15.
Bc5+ Ke8 16. Qxh8# 1-0

[Event "PCR_ZK01"]
[Site "?"]
[Date "2008.??.??"]
[Round "?"]
[White "Svoboda, Josef"]
[Black "Pressl, Ladislav"]
[Result "1-0"]
[WhiteElo "1917"]
[BlackElo "1915"]
[PlyCount "61"]
[EventDate "2008.??.??"]
[EventType "corr"]
[EventRounds "2"]

1. e4 c6 2. d4 d5 3. Nc3 dxe4 4. Nxe4 Bf5 5. Ng3 Bg6 6. Nf3 Nd7 7. Bc4 e6 8.
O-O Bd6 9. c3 Ngf6 10. Re1 Nb6 11. Be2 O-O 12. Ne5 Bxe5 13. dxe5 Ne4 14. Nxe4
Bxe4 15. f3 Bd5 16. b3 c5 17. c4 Bc6 18. Qxd8 Rfxd8 19. Be3 Nd7 20. f4 b6 21.
Rad1 Nf8 22. g3 h6 23. h4 Ng6 24. Rd6 Rxd6 25. exd6 Rd8 26. Rd1 Kf8 27. h5 Nh8
28. a3 a5 29. b4 cxb4 30. axb4 f6 31. Bxb6 1-0

[Event "PCR_ZK01"]
[Site "?"]
[Date "2008.??.??"]
[Round "?"]
[White "Svoboda, Josef"]
[Black "Stepan, Josef"]
[Result "1-0"]
[WhiteElo "1917"]
[BlackElo "1600"]
[PlyCount "41"]
[EventDate "2008.??.??"]
[EventType "corr"]
[EventRounds "2"]

1. e4 d6 2. d4 Nf6 3. Nc3 g6 4. f4 Bg7 5. Nf3 c5 6. dxc5 Qa5 7. Qd3 Qxc5 8. Be3
Qa5 9. Qb5+ Qxb5 10. Bxb5+ Nc6 11. O-O-O a6 12. Bc4 b5 13. Nd5 Nxd5 14. Bxd5
Bb7 15. e5 dxe5 16. Nxe5 Bxe5 17. fxe5 e6 18. Be4 Rb8 19. Bg5 Nb4 20. Bxb7 Rxb7
21. Rd8# 1-0

[Event "PCR_ZK01"]
[Site "?"]
[Date "2008.??.??"]
[Round "?"]
[White "Svoboda, Josef"]
[Black "Vins, Karel"]
[Result "1-0"]
[WhiteElo "1917"]
[BlackElo "1654"]
[PlyCount "89"]
[EventDate "2008.??.??"]
[EventType "corr"]
[EventRounds "2"]

1. Nf3 d5 2. d4 c6 3. e3 Nf6 4. Be2 Bf5 5. O-O Nbd7 6. Nh4 e6 7. Nxf5 exf5 8.
g3 Bd6 9. c4 O-O 10. cxd5 Nxd5 11. Nc3 N7f6 12. Nxd5 Nxd5 13. Qb3 Rb8 14. Bd2
Qc7 15. Rac1 Qe7 16. Bf3 Nf6 17. Qa4 a6 18. h3 Ne4 19. Qc2 g6 20. a3 h5 21. h4
Nf6 22. Be2 Qe4 23. Qd1 Qe7 24. Bc4 Kg7 25. Kg2 Qe4+ 26. f3 Qe7 27. Qe1 Qd7 28.
e4 fxe4 29. fxe4 Ng4 30. e5 Bc7 31. Bc3 Kh7 32. Kg1 Rbd8 33. b3 b5 34. e6 fxe6
35. Rxf8 Rxf8 36. Bxe6 Qe8 37. Bxg4 hxg4 38. Bb4 Qxe1+ 39. Bxe1 Rf6 40. Kg2 Bb6
41. Bf2 Bd8 42. Re1 Rf7 43. Re6 Rf6 44. Re4 Be7 45. Rxe7+ 1-0

[Event "PCR_ZK01"]
[Site "?"]
[Date "2008.??.??"]
[Round "?"]
[White "Svoboda, Josef"]
[Black "Zachoval, Milan"]
[Result "1-0"]
[WhiteElo "1917"]
[BlackElo "1772"]
[PlyCount "41"]
[EventDate "2008.??.??"]
[EventType "corr"]
[EventRounds "2"]

1. e4 e5 2. Nf3 Nc6 3. Bb5 a6 4. Ba4 Nf6 5. O-O Be7 6. Re1 b5 7. Bb3 d6 8. c3
O-O 9. h3 Na5 10. Bc2 c5 11. d4 Qc7 12. Nbd2 Nc6 13. d5 Nd8 14. Nf1 Nb7 15. Be3
Ne8 16. a4 Bd7 17. axb5 Bxb5 18. Ng3 g6 19. Bh6 Ng7 20. Ng5 Bxg5 21. Bxg5 1-0

[Event "PCR_ZK01"]
[Site "?"]
[Date "2008.??.??"]
[Round "?"]
[White "Vins, Karel"]
[Black "Lucan, Zdenko"]
[Result "1/2-1/2"]
[WhiteElo "1654"]
[BlackElo "1589"]
[PlyCount "61"]
[EventDate "2008.??.??"]
[EventType "corr"]
[EventRounds "2"]

1. e4 c6 2. d4 d5 3. Nc3 Nf6 4. e5 Ne4 5. Nxe4 dxe4 6. g3 Bf5 7. c3 e6 8. h4 h5
9. f4 Nd7 10. a3 Be7 11. Be3 Nb6 12. b3 Nd5 13. Qd2 Nxe3 14. Qxe3 Qd7 15. Be2
g6 16. Bd1 O-O-O 17. Bc2 Qd5 18. Ne2 b5 19. Kf2 f6 20. Rhb1 Bg4 21. Bxe4 Qd7
22. Bf3 Bxf3 23. Qxf3 Qd5 24. Qxd5 cxd5 25. Ke3 f5 26. a4 b4 27. cxb4 Bxb4 28.
Rc1+ Kb7 29. Kd3 a5 30. Ra2 Rc8 31. Rac2 1/2-1/2

[Event "PCR_ZK01"]
[Site "?"]
[Date "2008.??.??"]
[Round "?"]
[White "Vins, Karel"]
[Black "Pressl, Ladislav"]
[Result "1/2-1/2"]
[WhiteElo "1654"]
[BlackElo "1915"]
[PlyCount "88"]
[EventDate "2008.??.??"]
[EventType "corr"]
[EventRounds "2"]

1. d4 Nf6 2. c4 g6 3. Nc3 d5 4. cxd5 Nxd5 5. e4 Nxc3 6. bxc3 Bg7 7. Nf3 O-O 8.
Bc4 c5 9. Rb1 Qc7 10. Qe2 Bg4 11. Be3 Bxf3 12. gxf3 Rc8 13. Bb3 cxd4 14. cxd4
Qc3+ 15. Qd2 Qxd2+ 16. Kxd2 Nc6 17. d5 Na5 18. Rhc1 Nxb3+ 19. axb3 a6 20. Rxc8+
Rxc8 21. Rc1 Rxc1 22. Kxc1 Bc3 23. Kc2 Bb4 24. Kd3 b5 25. f4 f6 26. e5 Kf7 27.
Bb6 g5 28. fxg5 fxg5 29. Ke4 h6 30. f4 gxf4 31. Kxf4 e6 32. d6 Ke8 33. Ke4 Kd7
34. Bd4 a5 35. Kd3 a4 36. bxa4 bxa4 37. Bc3 Bc5 38. Kc4 Kc6 39. h3 a3 40. Ba1
Kb6 41. Bc3 Kc6 42. Ba1 Kb6 43. Bc3 Kc6 44. Ba1 Kb6 1/2-1/2

[Event "PCR_ZK01"]
[Site "?"]
[Date "2008.??.??"]
[Round "?"]
[White "Vins, Karel"]
[Black "Stepan, Josef"]
[Result "0-1"]
[WhiteElo "1654"]
[BlackElo "1600"]
[PlyCount "66"]
[EventDate "2008.??.??"]
[EventType "corr"]
[EventRounds "2"]

1. d4 Nf6 2. c4 e6 3. Nc3 Bb4 4. Qc2 c5 5. e3 Nc6 6. d5 Bxc3+ 7. Qxc3 Ne7 8. d6
Nf5 9. Qd3 O-O 10. e4 Nd4 11. e5 Ng4 12. Bf4 f6 13. exf6 Qxf6 14. Nh3 Nxf2 15.
Nxf2 Qxf4 16. Ne4 b6 17. g3 Qf3 18. Qxf3 Rxf3 19. Kd2 Bb7 20. Bd3 Raf8 21. Rad1
Nf5 22. Rhe1 Bxe4 23. Bxe4 Rf2+ 24. Re2 Nxd6 25. Bd3 Rxe2+ 26. Kxe2 Nc8 27. b3
Ne7 28. g4 Nc6 29. h3 Nd4+ 30. Ke1 d5 31. cxd5 exd5 32. Bf5 Nxf5 33. gxf5 Rxf5
0-1

[Event "PCR_ZK01"]
[Site "?"]
[Date "2008.??.??"]
[Round "?"]
[White "Vins, Karel"]
[Black "Svoboda, Josef"]
[Result "0-1"]
[WhiteElo "1654"]
[BlackElo "1917"]
[PlyCount "60"]
[EventDate "2008.??.??"]
[EventType "corr"]
[EventRounds "2"]

1. e4 e6 2. d4 d5 3. Nc3 Nf6 4. e5 Nfd7 5. Nf3 c5 6. Be3 cxd4 7. Bxd4 a6 8. Bd3
Nc6 9. Ne2 Nxd4 10. Nexd4 Qc7 11. Qe2 Bb4+ 12. Kf1 O-O 13. a3 Be7 14. g3 g6 15.
Kg2 Qb6 16. Nb3 f6 17. exf6 Bxf6 18. Rab1 e5 19. Rhe1 e4 20. Bxe4 dxe4 21. Qxe4
Bg7 22. Qe6+ Qxe6 23. Rxe6 Rxf3 24. Kxf3 Ne5+ 25. Rxe5 Bxe5 26. c3 Be6 27. Nc5
Bd5+ 28. Ke3 Re8 29. Kd2 Bd6 30. Rc1 Bxc5 0-1

[Event "PCR_ZK01"]
[Site "?"]
[Date "2008.??.??"]
[Round "?"]
[White "Vins, Karel"]
[Black "Zachoval, Milan"]
[Result "1/2-1/2"]
[WhiteElo "1654"]
[BlackElo "1772"]
[PlyCount "22"]
[EventDate "2008.??.??"]
[EventType "corr"]
[EventRounds "2"]

1. e4 c5 2. Nf3 d6 3. d4 cxd4 4. Nxd4 Nf6 5. Nc3 g6 6. Be3 Bg7 7. f3 O-O 8. Qd2
Nc6 9. Nb3 Be6 10. Bd3 Na5 11. Nxa5 Qxa5 1/2-1/2

[Event "PCR_ZK01"]
[Site "?"]
[Date "2008.??.??"]
[Round "?"]
[White "Zachoval, Milan"]
[Black "Pressl, Ladislav"]
[Result "0-1"]
[WhiteElo "1772"]
[BlackElo "1915"]
[PlyCount "36"]
[EventDate "2008.??.??"]
[EventType "corr"]
[EventRounds "2"]

1. e4 c5 2. Nf3 d6 3. d4 cxd4 4. Nxd4 Nf6 5. Nc3 g6 6. Be3 Bg7 7. f3 O-O 8. Qd2
a6 9. Bc4 b5 10. Bb3 Bb7 11. O-O Nc6 12. Nxc6 Bxc6 13. a3 Rc8 14. Bh6 Bxh6 15.
Qxh6 Qb6+ 16. Kh1 e5 17. Qc1 Ne8 18. Re1 Bb7 0-1

[Event "PCR_ZK01"]
[Site "?"]
[Date "2008.??.??"]
[Round "?"]
[White "Zachoval, Milan"]
[Black "Stepan, Josef"]
[Result "0-1"]
[WhiteElo "1772"]
[BlackElo "1600"]
[PlyCount "42"]
[EventDate "2008.??.??"]
[EventType "corr"]
[EventRounds "2"]

1. e4 d6 2. d4 Nf6 3. Nc3 g6 4. f3 c6 5. Be3 Bg7 6. Qd2 b5 7. Bd3 Nbd7 8. Nge2
a6 9. a4 Bb7 10. O-O O-O 11. Kh1 Qc7 12. Ng3 b4 13. Nd1 c5 14. d5 e6 15. dxe6
fxe6 16. c3 bxc3 17. Nxc3 Ne5 18. Be2 d5 19. exd5 exd5 20. Bf2 d4 21. Nd1 Qc6
0-1

[Event "PCR_ZK01"]
[Site "?"]
[Date "2008.??.??"]
[Round "?"]
[White "Zachoval, Milan"]
[Black "Vins, Karel"]
[Result "1/2-1/2"]
[WhiteElo "1772"]
[BlackElo "1654"]
[PlyCount "23"]
[EventDate "2008.??.??"]
[EventType "corr"]
[EventRounds "2"]

1. e4 c5 2. Nf3 Nc6 3. c4 e5 4. d3 d6 5. Be2 Be7 6. Nc3 Nf6 7. Bg5 h6 8. Bxf6
Bxf6 9. Nd5 Be6 10. Nxf6+ Qxf6 11. b3 b6 12. h3 1/2-1/2